00883nai a2200205Ia 4500003000900000008004100009022002200050022002300072040001600095245006300111260008600174310001300260362002400273521006900297650003900366856009000405942000700495999001700502952015800519IN-BaIIA211028c9999 xx s 000 0 eng d a1536-1225 (Print) a1548-5757 (Online) cIIA Library 0aIEEE Antennas and Wireless Propagation Lettersh[eJournal] aNew York, USAbThe Institute of Electrical and Electronics Engineers, Inc. (IEEE) aAnnually a1(); 2002 - Present bSubscribed through National Knowledge Resource Consortium (NKRC) aFields, Waves and Electromagnetics uhttps://ieeexplore.ieee.org/servlet/opac?punumber=7727yClick Here to Access eJournal cEJ c34469d34469 00104070aBANbBANd2009-01-01eNKRCh1(); 2002 - Presentl0pEJ553r2021-11-05uhttps://ieeexplore.ieee.org/servlet/opac?punumber=7727w2021-11-05yEJ